000 00622nam a22002297a 4500
003 UA-OsUOA
001 99844
007 ta
008 20130520b un ||||| |||| 00| 0 ukr d
100 _aСпиллейн М.
090 _a821.111
_bЗ-35
942 _cBK
040 _aUA-OsUOA
_brus
_cUA-OsUOA
_dUA-OsUOA
245 _aМой убийца. Я - суд. Долгое ожидание
300 _a334 с.
955 _a3
041 _arus
080 _a821.111
260 _aМ.
_bЧерный круг
_c1992
650 7 _a82 Література. Літературознавство
_2UDC
999 _c386081
_d386081